[Event "Kieler Open 2019-A"]
[Site "Kiel"]
[Date "2019.07.29"]
[Round "5.35"]
[White "Freiknecht, Axel"]
[Black "Bernhardt, Gerd"]
[Result "1/2-1/2"]
[WhiteElo "1733"]
[BlackElo "2005"]
[Annotator "PH"]
[PlyCount "160"]
[EventDate "2019.??.??"]

1. Nf3 Nf6 2. c4 e6 3. g3 c5 4. Bg2 Nc6 5. b3 d5 6. e3 Be7 7. Bb2 d4 8. exd4
cxd4 9. d3 e5 10. O-O O-O 11. Re1 Bd6 12. Na3 Re8 13. Nc2 a5 14. a3 Bg4 15. h3
Bd7 16. Qd2 Qc7 17. Rab1 Ra7 18. Ng5 Qc8 19. Kh2 Bf5 20. Ne4 Nxe4 21. dxe4 Be6
22. Bf1 b6 23. Red1 Ne7 24. Nxd4 Bxa3 25. Bxa3 exd4 26. Qxd4 Qb8 27. Bb2 f6 28.
Qd6 Ng6 29. Qxb8 Rxb8 30. Rd6 Kf7 31. f4 f5 32. g4 Nxf4 33. gxf5 Bc8 34. Be5 g5
35. Rh6 Rba8 36. c5 bxc5 37. Bc4+ Ke8 38. Rd1 Ba6 39. Bxa6 Rxa6 40. Rxh7 R6a7
41. Rh8+ Kf7 42. Rxa8 Rxa8 43. Rd7+ Ke8 44. Rg7 Rd8 45. Rg8+ Kd7 46. Rxg5 Nd3
47. Bc3 Re8 48. Rg7+ Kd6 49. Rg4 Nc1 50. Bxa5 Nxb3 51. Bc3 Nc1 52. Rg6+ Kd7 53.
e5 Ne2 54. Rg7+ Kc6 55. Bb2 Nd4 56. Bxd4 cxd4 57. e6 Kd5 58. Kg3 Ke4 59. Kg4 d3
60. Kg5 Ke5 61. Rd7 Rg8+ 62. Kh6 Kxf5 63. Rxd3 Kxe6 64. Rf3 Rh8+ 65. Kg7 Rh4
66. Kg6 Ke7 67. Kg5 Rh8 68. h4 Rg8+ 69. Kh5 Rh8+ 70. Kg4 Rg8+ 71. Kh3 Rf8 72.
Rg3 Kf7 73. h5 Rg8 74. Ra3 Kg7 75. Kh4 Kh7 76. Ra7+ Rg7 77. Ra6 Rf7 78. Kg5
Rg7+ 79. Kh4 Rd7 80. Kg4 Rc7 1/2-1/2

[Event "Kieler Open 2019-A"]
[Site "Kiel"]
[Date "2019.07.29"]
[Round "5.36"]
[White "Koch, Ralf-Johannes"]
[Black "Schützhold, Frank"]
[Result "1/2-1/2"]
[WhiteElo "1724"]
[BlackElo "1860"]
[Annotator "PH"]
[PlyCount "61"]
[EventDate "2019.??.??"]

1. e4 d6 2. Nc3 g6 3. f4 Bg7 4. Nf3 Bg4 5. Be2 e6 6. d4 Ne7 7. Be3 f5 8. e5 d5
9. Ng5 Bxe2 10. Qxe2 Qd7 11. Qb5 c6 12. Qe2 h6 13. Nf3 Na6 14. Nd2 Nc8 15. g4
Qf7 16. gxf5 gxf5 17. Rg1 Bf8 18. a3 Ne7 19. Nb3 Rg8 20. O-O-O O-O-O 21. Kb1
Bg7 22. Na4 Bh8 23. Nac5 Nxc5 24. Nxc5 Rxg1 25. Rxg1 Rg8 26. Rxg8+ Nxg8 27. Qg2
b6 28. Nd3 Qg7 29. Qxg7 Bxg7 30. Bf2 Bf8 31. Kc1 1/2-1/2

[Event "Kieler Open 2019-A"]
[Site "Kiel"]
[Date "2019.07.29"]
[Round "5.37"]
[White "Tran, Minh Dat"]
[Black "Bräutigam, Katerina"]
[Result "0-1"]
[WhiteElo "1559"]
[BlackElo "1837"]
[Annotator "PH"]
[PlyCount "92"]
[EventDate "2019.??.??"]

1. c4 Nf6 2. Nc3 e6 3. d4 Bb4 4. Bf4 b6 5. e3 Bb7 6. Nf3 Ne4 7. Qc2 O-O 8. Bd3
f5 9. O-O Nxc3 10. bxc3 Be7 11. e4 g5 12. Bd2 f4 13. d5 Na6 14. Nd4 e5 15. Nf5
Kh8 16. Be2 d6 17. Bg4 Bc8 18. Qd1 Nc5 19. Re1 Nd7 20. h3 Nf6 21. f3 h5 22.
Nxe7 Qxe7 23. Bxc8 Raxc8 24. Kf2 Kg7 25. Rh1 Rh8 26. Qc2 Rh7 27. Rh2 Rch8 28.
Rah1 Qd7 29. Qd1 Kf8 30. Ke2 Qc8 31. Qa4 {=} 31... Qb7 32. Kd3 Nd7 33. Ke2 Nc5
34. Qb5 c6 35. Qb4 Qa6 36. a3 cxd5 37. exd5 Rc7 38. Ra1 Ke7 39. Qb5 Qc8 40. Rb1
Nb7 41. Kd3 Na5 42. Rb4 Rc5 43. Qa4 Qa6 44. g3 Rxd5+ 45. Ke4 Rc5 46. Kd3 Rxc4
0-1

[Event "Kieler Open 2019-A"]
[Site "Kiel"]
[Date "2019.07.29"]
[Round "5.38"]
[White "Marcussen, Claus"]
[Black "Priemer, Siegfried"]
[Result "0-1"]
[WhiteElo "1712"]
[BlackElo "1833"]
[Annotator "PH"]
[PlyCount "86"]
[EventDate "2019.??.??"]

1. f4 d6 2. Nf3 Bg4 3. e3 e5 4. h3 Bd7 5. Bc4 exf4 6. exf4 Be7 7. O-O Nf6 8.
Nc3 c6 9. d3 d5 10. Bb3 O-O 11. Bd2 Na6 12. a3 Bd6 13. Nh2 Qc7 14. Qf3 Nc5 15.
Ba2 Ne6 16. Ne2 Qb6+ 17. Kh1 Rae8 18. Ng4 Nxg4 19. hxg4 Qxb2 20. Bb3 Qf6 21. g5
Nxg5 22. Qf2 Ne6 23. g4 Bc5 24. Qg3 Nd4 25. Nxd4 Bxd4 26. Rae1 Qd6 27. c3 Bb6
28. Bc1 Re6 29. Re5 Rfe8 30. d4 f6 31. Rh5 g6 32. Rh2 Qe7 33. Bd2 Bc7 34. Bc2
Re2 35. Rff2 Rxf2 36. Rxf2 Qe6 37. Bd1 Qe4+ 38. Kg1 g5 39. Qh3 Bxf4 40. Re2 Qb1
41. Rxe8+ Bxe8 42. Qf1 Bxd2 43. Qe2 Be3+ 0-1

[Event "Kieler Open 2019-A"]
[Site "Kiel"]
[Date "2019.07.29"]
[Round "5.39"]
[White "Bücker, Timo"]
[Black "Samuelson, Bernd"]
[Result "1-0"]
[WhiteElo "1778"]
[BlackElo "1665"]
[Annotator "PH"]
[PlyCount "45"]
[EventDate "2019.??.??"]

1. Nc3 d5 2. e4 d4 3. Nce2 e5 4. Ng3 Nf6 5. Nf3 Bg4 6. Bc4 Nc6 7. h3 Bxf3 8.
Qxf3 Qd7 9. O-O O-O-O 10. d3 Na5 11. Bb3 Kb8 12. Bd2 Nxb3 13. axb3 Bc5 14. Ra5
Qe7 15. Nf5 Qf8 16. Rfa1 g6 17. Bh6 Qe8 18. Ng7 Qc6 19. b4 Bb6 20. Rxe5 Nd7 21.
Re7 Qxc2 22. Qxf7 Rhf8 23. Rxd7 1-0

[Event "Kieler Open 2019-A"]
[Site "Kiel"]
[Date "2019.07.29"]
[Round "5.40"]
[White "Schwerdt, Alwin Elias"]
[Black "Gehlsen, René"]
[Result "1/2-1/2"]
[WhiteElo "1756"]
[BlackElo "1715"]
[Annotator "PH"]
[PlyCount "50"]
[EventDate "2019.??.??"]

1. e4 g6 2. d4 Bg7 3. Nf3 c6 4. c3 d5 5. e5 Nh6 6. h3 O-O 7. Bf4 f6 8. Nbd2 b5
9. Nb3 fxe5 10. Bxe5 Bxe5 11. Nxe5 Nf7 12. Nxf7 Rxf7 13. Be2 Nd7 14. O-O e5 15.
Bg4 Re7 16. Bxd7 Bxd7 17. dxe5 Rxe5 18. Qd4 Re2 19. Rfe1 Qe7 20. Kf1 Re8 21.
Qd1 Rxe1+ 22. Qxe1 Qd6 23. Qd2 Qh2 24. f3 Qg3 25. Re1 Qxe1+ 1/2-1/2

[Event "Kieler Open 2019-A"]
[Site "Kiel"]
[Date "2019.07.29"]
[Round "5.41"]
[White "Röhr, Susanne"]
[Black "Buchholz, Ralf"]
[Result "0-1"]
[WhiteElo "1677"]
[BlackElo "1909"]
[Annotator "PH"]
[PlyCount "94"]
[EventDate "2019.??.??"]

1. d4 Nf6 2. c4 c5 3. d5 g6 4. Nc3 Bg7 5. e4 d6 6. h3 O-O 7. Nf3 Nbd7 8. Be3
Qa5 9. Qc2 a6 10. Bd2 Qc7 11. Be2 Rb8 12. O-O Re8 13. Bf4 Nh5 14. Bh2 Bh6 15.
Rab1 Nf4 16. Bd3 Nxd3 17. Qxd3 Bg7 18. Nd2 Ne5 19. Qe2 f6 20. f4 Nf7 21. Nf3 e5
22. dxe6 Bxe6 23. g4 f5 24. gxf5 Bxf5 25. Nd5 Qd8 26. Nd2 Bxh3 27. Rfe1 Qh4 28.
Qf3 Qg4+ 29. Qxg4 Bxg4 30. Kf2 b5 31. Nc7 Rec8 32. Nxa6 Rb6 33. cxb5 Rxb5 34.
Nc4 Rc6 35. a4 Rb3 36. Ne3 Bd4 37. Nxc5 dxc5 38. Bg1 Nd6 39. Kg2 Be6 40. Nd5
Kf7 41. Kh1 Nxe4 42. Nc3 Nxc3 43. bxc3 Bd5+ 44. Kh2 Bxg1+ 45. Kxg1 Re6 46. Red1
Rxb1 47. Rxb1 Re3 0-1

[Event "Kieler Open 2019-A"]
[Site "Kiel"]
[Date "2019.07.29"]
[Round "5.42"]
[White "Olde, Henning"]
[Black "Rommeck, Christiane"]
[Result "1-0"]
[WhiteElo "1788"]
[BlackElo "1567"]
[Annotator "PH"]
[PlyCount "49"]
[EventDate "2019.??.??"]

1. f4 e6 2. Nf3 Nf6 3. c3 d5 4. e3 b6 5. d4 c5 6. Bd3 Nbd7 7. O-O Be7 8. Qe2
O-O 9. Nbd2 Bb7 10. Ne5 Ne4 11. Qh5 Ndf6 12. Qh3 h6 13. Ndf3 cxd4 14. exd4 Nd6
15. g4 Nfe4 16. g5 hxg5 17. fxg5 g6 18. Qg4 Nf5 19. h4 Ng7 20. Be3 Rc8 21. Kg2
Nh5 22. Nxg6 fxg6 23. Qxe6+ Kh7 24. Ne5 Rg8 25. Rf7+ 1-0

[Event "Kieler Open 2019-A"]
[Site "Kiel"]
[Date "2019.07.29"]
[Round "5.43"]
[White "Wenske, Hardy"]
[Black "Hoppe, Marc"]
[Result "0-1"]
[WhiteElo "1749"]
[BlackElo "1644"]
[Annotator "PH"]
[PlyCount "92"]
[EventDate "2019.??.??"]

1. Nf3 d5 2. d4 Nf6 3. Bf4 Bf5 4. e3 e6 5. Nbd2 c5 6. c3 Nc6 7. Bb5 a6 8. Bxc6+
bxc6 9. Ne5 Qb6 10. Qb3 Qb5 11. Qxb5 cxb5 12. dxc5 Bxc5 13. O-O Nd7 14. Nb3 Bb6
15. Rac1 f6 16. Nxd7 Kxd7 17. h3 e5 18. Bg3 Rhd8 19. Rfd1 Ke6 20. Re1 Rac8 21.
Nd2 a5 22. Kh1 Kf7 23. Nf3 b4 24. cxb4 axb4 25. Nd2 d4 26. e4 Be6 27. f4 Bxa2
28. fxe5 fxe5 29. Bxe5 d3 30. Bf4 Rc2 31. b3 Rdc8 32. Nc4 Bc7 33. Rxc2 dxc2 34.
e5 Bxb3 35. e6+ Ke7 36. Bg5+ Ke8 37. Rc1 Bxc4 38. Rxc2 Bxe6 39. Bd2 b3 40. Rc1
b2 41. Rb1 Be5 42. Re1 Rc5 43. Be3 Ra5 44. Bd4 Bxd4 45. Rxe6+ Kd7 46. Re4 b1=Q+
0-1

[Event "Kieler Open 2019-A"]
[Site "Kiel"]
[Date "2019.07.29"]
[Round "5.44"]
[White "Inani, Darpan"]
[Black "Wendler, David"]
[Result "0-1"]
[WhiteElo "1956"]
[BlackElo "2094"]
[Annotator "PH"]
[PlyCount "90"]
[EventDate "2019.??.??"]

1. e4 c5 2. Nf3 Nc6 3. Bb5 g6 4. Bxc6 dxc6 5. d3 Bg7 6. h3 e5 7. Nc3 Nf6 8. O-O
Qd6 9. Be3 O-O 10. a4 b6 11. Nd2 Nh5 12. a5 Be6 13. Nc4 Qc7 14. b3 b5 15. Nd2
Qe7 16. Ne2 f5 17. exf5 gxf5 18. f3 Kh8 19. Qe1 f4 20. Bf2 Rg8 21. Kh2 Bf5 22.
Ne4 c4 23. bxc4 bxc4 24. Rb1 cxd3 25. cxd3 Bxe4 26. dxe4 c5 27. Qc3 Rgc8 28.
Qc4 Bf8 29. Rb2 Ng7 30. Rfb1 Rc7 31. Nc3 Qf7 32. Qxf7 Rxf7 33. Rb8 Rxb8 34.
Rxb8 Ne6 35. a6 Kg7 36. Nd5 Nd4 37. Rc8 Bd6 38. Kg1 Rf8 39. Rxf8 Kxf8 40. Bxd4
exd4 41. Kf1 c4 42. Nb6 c3 43. Ke2 c2 44. Kd2 d3 45. Nc4 Bc5 0-1

[Event "Kieler Open 2019-A"]
[Site "Kiel"]
[Date "2019.07.30"]
[Round "6.1"]
[White "Lanka, Zigurds"]
[Black "Simantsev, Mikhail"]
[Result "1/2-1/2"]
[WhiteElo "2395"]
[BlackElo "2346"]
[Annotator "M.Z."]
[PlyCount "21"]
[EventDate "2019.??.??"]
[WhiteTeam "SC Viernheim 1934"]

1. e4 e5 2. Nf3 Nf6 3. Nxe5 d6 4. Nf3 Nxe4 5. Qe2 Qe7 6. d3 Nf6 7. Bg5 Qxe2+ 8.
Bxe2 Be7 9. Nc3 c6 10. O-O-O Nbd7 11. d4 1/2-1/2

[Event "Kieler Open 2019-A"]
[Site "Kiel"]
[Date "2019.07.30"]
[Round "6.2"]
[White "Braun, Georg"]
[Black "Carlstedt, Jonathan"]
[Result "0-1"]
[WhiteElo "2307"]
[BlackElo "2408"]
[Annotator "M.Z."]
[PlyCount "92"]
[EventDate "2019.??.??"]
[WhiteTeam "SK Bebenhausen"]
[BlackTeam "Hamburger SK von 1830 eV"]

1. e4 g6 2. d4 Bg7 3. Nc3 d6 4. f4 a6 5. Nf3 b5 6. Bd3 Bb7 7. Qe2 Nc6 8. e5 Qd7
9. a4 b4 10. Ne4 Nh6 11. c3 O-O 12. O-O bxc3 13. bxc3 Na5 14. Qc2 Rab8 15. Ra2
Bc6 16. Bxa6 Nb3 17. a5 Nxc1 18. Rxc1 Qf5 19. Bd3 Qxf4 20. exd6 exd6 21. Qd2
Qg4 22. h3 Qd7 23. Qf4 f6 24. c4 Nf5 25. Re1 Bh6 26. Qg4 Qg7 27. Ng3 Ne3 28.
Qe6+ Kh8 29. Rxe3 Bd7 30. Qe7 Rf7 31. Rae2 f5 32. Re6 Rbf8 33. Qh4 Bxe6 34.
Rxe6 Bc1 35. Nf1 g5 36. Qe1 Bb2 37. Qf2 Bc3 38. Qc2 Bxd4+ 39. Kh1 Bc5 40. Qd2
g4 41. Ng5 Rf6 42. Re2 gxh3 43. Nxh3 Rh6 44. Re3 f4 45. Rf3 Qd4 46. Kh2 Qg1#
0-1

[Event "Kieler Open 2019-A"]
[Site "Kiel"]
[Date "2019.07.30"]
[Round "6.3"]
[White "Schulze, Lara"]
[Black "Legky, Nikolay A"]
[Result "0-1"]
[WhiteElo "2253"]
[BlackElo "2397"]
[Annotator "M.Z."]
[PlyCount "78"]
[EventDate "2019.??.??"]
[WhiteTeam "SK Lehrte von 1919"]

1. e4 Nf6 2. e5 Nd5 3. d4 d6 4. Nf3 Bg4 5. Be2 e6 6. c4 Nb6 7. exd6 cxd6 8. b3
Be7 9. Be3 O-O 10. O-O Nc6 11. Nc3 d5 12. c5 Nc8 13. b4 Bxf3 14. Bxf3 a6 15.
Qb3 Bf6 16. Rad1 N8e7 17. Bg4 g6 18. g3 Kh8 19. Ne2 Rg8 20. f3 Qf8 21. Bf2 Qg7
22. a3 a5 23. b5 a4 24. Qd3 Na5 25. Kg2 Nc4 26. Rb1 h5 27. Bh3 g5 28. Kh1 g4
29. fxg4 hxg4 30. Bg2 Bg5 31. Nf4 Bxf4 32. gxf4 Qh6 33. Bg1 Nf5 34. Rb4 Nd2 35.
Rf2 Nf3 36. Rxf3 gxf3 37. Bxf3 Qh3 38. Bf2 Rg2 39. Bg1 Ng3# 0-1

[Event "Kieler Open 2019-A"]
[Site "Kiel"]
[Date "2019.07.30"]
[Round "6.4"]
[White "Pluska, Alexander"]
[Black "Voloshin, Leonid"]
[Result "1-0"]
[WhiteElo "2207"]
[BlackElo "2376"]
[Annotator "M.Z."]
[PlyCount "79"]
[EventDate "2019.??.??"]
[WhiteTeam "SK Doppelbauer Kiel"]
[BlackTeam "SG Speyer-Schwegenheim 2012"]

1. Nf3 c5 2. c4 Nc6 3. d4 cxd4 4. Nxd4 g6 5. e4 Bg7 6. Be3 Nf6 7. Nc3 d6 8. Be2
O-O 9. O-O Bd7 10. Nc2 Qa5 11. Rc1 Rfc8 12. f4 Be6 13. g4 Nb4 14. Na3 Qd8 15.
g5 Ne8 16. f5 Bd7 17. Qe1 Nc7 18. Qh4 e6 19. f6 Bf8 20. e5 d5 21. Rf3 Bc6 22.
Rd1 Qe8 23. Rd4 h6 24. c5 b6 25. cxb6 axb6 26. Rxb4 d4 27. Rxd4 Bxf3 28. Bxf3
Ra5 29. Qg3 Bc5 30. Re4 Bxe3+ 31. Rxe3 Nd5 32. Nxd5 exd5 33. gxh6 d4 34. h7+
Kh8 35. Re4 d3 36. Qf4 Qf8 37. Kg2 Rd8 38. Rd4 d2 39. Rxd8 Qxd8 40. Qh6 1-0

[Event "Kieler Open 2019-A"]
[Site "Kiel"]
[Date "2019.07.30"]
[Round "6.5"]
[White "Melamed, Tatjana"]
[Black "Latzke, Boris"]
[Result "1-0"]
[WhiteElo "2351"]
[BlackElo "2212"]
[Annotator "M.Z."]
[PlyCount "125"]
[EventDate "2019.??.??"]
[WhiteTeam "SG Aufbau Elbe Magdeburg"]
[BlackTeam "SK Bebenhausen"]

1. e4 e5 2. Nf3 Nc6 3. Bb5 a6 4. Ba4 Nf6 5. O-O Be7 6. Re1 b5 7. Bb3 d6 8. c3
O-O 9. h3 Nb8 10. d4 Nbd7 11. c4 c6 12. Nc3 b4 13. Ne2 Nxe4 14. Qc2 f5 15. c5+
d5 16. Be3 Kh8 17. Nxe5 Nxe5 18. dxe5 Bh4 19. g3 Be7 20. Nf4 Ng5 21. Kg2 Ne6
22. Ba4 Qc7 23. h4 Nxf4+ 24. Bxf4 Be6 25. Rad1 Rac8 26. Rd4 a5 27. Bg5 Qa7 28.
Bxe7 Qxe7 29. f4 Rc7 30. Re3 Rb8 31. Rb3 Qf8 32. Qc1 Qc8 33. Re3 Qa6 34. Qc2
Kg8 35. Re1 Rf7 36. Qe2 Qxe2+ 37. Rxe2 Rc7 38. Kf2 Bc8 39. e6 Ba6 40. Re5 g6
41. h5 Kg7 42. Rd1 Kf6 43. e7 Rxe7 44. Rxe7 Kxe7 45. Bxc6 Rc8 46. Re1+ Kf8 47.
Re6 Bd3 48. Ke3 Bc4 49. Kd4 Bxa2 50. Bd7 Rc7 51. c6 a4 52. Re8+ Kf7 53. Rb8 b3
54. Ra8 Ke7 55. h6 Kd6 56. Rxa4 Bb1 57. Ra8 Be4 58. Rb8 Bg2 59. Rxb3 Ra7 60.
Ra3 Rxa3 61. bxa3 Bf1 62. Be8 Ba6 63. Bxg6 1-0

[Event "Kieler Open 2019-A"]
[Site "Kiel"]
[Date "2019.07.30"]
[Round "6.6"]
[White "Köllner, Ruben Gideon"]
[Black "Röhr, Tobias"]
[Result "1-0"]
[WhiteElo "2315"]
[BlackElo "2054"]
[Annotator "M.Z."]
[PlyCount "39"]
[EventDate "2019.??.??"]
[WhiteTeam "SG Bochum 1931"]
[BlackTeam "SG Aufbau Elbe Magdeburg"]

1. d4 Nf6 2. Bf4 d5 3. e3 e6 4. Nd2 c5 5. c3 Nc6 6. Ngf3 Bd6 7. Bg3 O-O 8. Bd3
b6 9. Qe2 h6 10. Rd1 Bxg3 11. hxg3 e5 12. Nxe5 Nxe5 13. dxe5 Ng4 14. f4 c4 15.
Nxc4 Qe7 16. Nd6 Bd7 17. Nf5 Bxf5 18. Bxf5 Nxe5 19. fxe5 Qxe5 20. Qf3 1-0

[Event "Kieler Open 2019-A"]
[Site "Kiel"]
[Date "2019.07.30"]
[Round "6.7"]
[White "Dittmann, Hans-Adolf"]
[Black "Arndt, Magnus"]
[Result "0-1"]
[WhiteElo "2068"]
[BlackElo "2313"]
[Annotator "M.Z."]
[PlyCount "96"]
[EventDate "2019.??.??"]
[WhiteTeam "Preetzer TSV"]
[BlackTeam "SK Doppelbauer Kiel"]

1. e4 e5 2. Nf3 Nc6 3. Bb5 a6 4. Bxc6 dxc6 5. O-O Bd6 6. d4 exd4 7. Qxd4 f6 8.
c4 c5 9. Qc3 Ne7 10. Nbd2 O-O 11. Nb3 Ng6 12. Be3 b6 13. Rfe1 Re8 14. Qc2 Bb7
15. Nfd2 Qd7 16. f3 h5 17. Nf1 h4 18. h3 Qe6 19. Nc1 Ne5 20. b3 g5 21. Nd3 Nxd3
22. Qxd3 Rad8 23. Qe2 Rd7 24. Rad1 Rg7 25. Nh2 Bg3 26. Ng4 Bxe1 27. Rxe1 Bc8
28. Qb2 Rg6 29. Bd2 Qe7 30. Ne3 Be6 31. Bc3 Kf7 32. Qc2 Rgg8 33. Qe2 Rd8 34.
Rf1 Ke8 35. Rd1 Rxd1+ 36. Qxd1 Kf7 37. Qe2 Qd7 38. e5 f5 39. Nd5 Rd8 40. f4 Kg6
41. fxg5 Bxd5 42. cxd5 Qxd5 43. Qf2 Qe4 44. e6 Re8 45. Ba1 Rxe6 46. Qb2 Qd4+
47. Qxd4 cxd4 48. Bxd4 Re2 0-1

[Event "Kieler Open 2019-A"]
[Site "Kiel"]
[Date "2019.07.30"]
[Round "6.8"]
[White "Franz, Karsten"]
[Black "Rieper, Julian"]
[Result "1-0"]
[WhiteElo "2219"]
[BlackElo "2062"]
[Annotator "M.Z."]
[PlyCount "65"]
[EventDate "2019.??.??"]
[WhiteTeam "SV Dresden-Leuben"]
[BlackTeam "SK Doppelbauer Kiel"]

1. Nf3 Nc6 2. e4 e5 3. d3 Nf6 4. g3 d5 5. Nbd2 Bc5 6. Bg2 O-O 7. O-O dxe4 8.
dxe4 Be6 9. Qe2 Re8 10. c3 a6 11. Nc4 Ng4 12. Ng5 Bd7 13. h3 Nf6 14. Be3 Bf8
15. Rad1 h6 16. Nf3 Qc8 17. g4 Nxe4 18. Bxh6 Nd6 19. Nxd6 cxd6 20. Be3 Na5 21.
Qc2 Bc6 22. Ng5 g6 23. Ne4 Re6 24. b3 b5 25. f4 Nb7 26. f5 Re7 27. Nf6+ Kg7 28.
Nd5 Re8 29. fxg6 fxg6 30. Qf2 Qe6 31. Nc7 Qe7 32. Bxc6 Qxc7 33. Qf6+ 1-0

[Event "Kieler Open 2019-A"]
[Site "Kiel"]
[Date "2019.07.30"]
[Round "6.9"]
[White "Wanner, Lukas"]
[Black "Kaulich, Philipp Theodor"]
[Result "1-0"]
[WhiteElo "2085"]
[BlackElo "2177"]
[Annotator "M.Z."]
[PlyCount "99"]
[EventDate "2019.??.??"]
[WhiteTeam "SK Doppelbauer Kiel"]
[BlackTeam "Kieler SG"]

1. c4 f5 2. g3 Nf6 3. Bg2 g6 4. Nc3 Bg7 5. e3 O-O 6. Nge2 e5 7. O-O d6 8. d3
Nc6 9. Rb1 g5 10. f4 h6 11. b4 Ne7 12. b5 Ng6 13. Nd5 Nxd5 14. Bxd5+ Kh7 15.
Bb2 Qe7 16. Qd2 Rb8 17. Rbc1 Bd7 18. fxe5 Nxe5 19. Bxe5 dxe5 20. Bg2 c6 21.
bxc6 Bxc6 22. Nc3 Qc5 23. Kh1 Rbe8 24. Bd5 h5 25. Qe2 Kg6 26. h3 e4 27. d4 Qd6
28. Qg2 Re7 29. c5 Qd8 30. Bb3 Bxd4 31. exd4 Qxd4 32. Rfd1 Qe5 33. Rd6+ Rf6 34.
Nd5 Bxd5 35. Rxd5 Qc7 36. Rc3 Qa5 37. Re3 Qa3 38. Qd2 Qa6 39. Kh2 Qc6 40. Qd4
b6 41. Rc3 Qb5 42. Rc2 bxc5 43. Rdxc5 Qf1 44. Rc6 Rxc6 45. Rxc6+ Kh7 46. Rh6+
Kxh6 47. Qf6+ Kh7 48. Qxe7+ Kh6 49. Qf8+ Kg6 50. Bf7+ 1-0

[Event "Kieler Open 2019-A"]
[Site "Kiel"]
[Date "2019.07.30"]
[Round "6.10"]
[White "Wendler, David"]
[Black "Köllner, Christof"]
[Result "0-1"]
[WhiteElo "2094"]
[BlackElo "2091"]
[Annotator "M.Z."]
[PlyCount "88"]
[EventDate "2019.??.??"]
[WhiteTeam "SK Bebenhausen"]
[BlackTeam "SV Bergneustadt/Dersch"]

1. e4 e5 2. Nf3 Nc6 3. Bb5 Nge7 4. O-O g6 5. c3 a6 6. Ba4 Bg7 7. d4 exd4 8.
cxd4 b5 9. Bb3 O-O 10. Nc3 d6 11. h3 h6 12. Re1 Na5 13. Bc2 Bb7 14. Bf4 Nc4 15.
b3 Nb6 16. Rc1 Qd7 17. Bb1 f5 18. e5 Nbd5 19. Bh2 Nxc3 20. Rxc3 Nd5 21. Rc1 b4
22. Qd3 Nc3 23. Qc4+ Bd5 24. Qxb4 Nxb1 25. Rxb1 Bxf3 26. gxf3 f4 27. Qa5 Qxh3
28. Qd5+ Kh7 29. Kh1 dxe5 30. dxe5 Rad8 31. Qe4 Rf5 32. Rg1 Bxe5 33. Rbe1 Bg7
34. Rg2 Rd4 35. Qe6 Rd6 36. Qc8 Qxf3 37. Qxc7 Rg5 38. Bg3 Rd1 39. Qe7 Rxe1+ 40.
Qxe1 fxg3 41. fxg3 Rh5+ 42. Kg1 Bd4+ 43. Qe3 Bxe3+ 44. Rf2 Qxf2# 0-1

[Event "Kieler Open 2019-A"]
[Site "Kiel"]
[Date "2019.07.30"]
[Round "6.11"]
[White "Ruhland, Cliff"]
[Black "Petri, Alexander"]
[Result "1-0"]
[WhiteElo "1965"]
[BlackElo "2146"]
[Annotator "M.Z."]
[PlyCount "73"]
[EventDate "2019.??.??"]
[WhiteTeam "Itzehoer SV von 1923"]
[BlackTeam "SK Doppelbauer Kiel"]

1. e4 c6 2. d4 d5 3. e5 c5 4. dxc5 Nc6 5. f4 e6 6. Be3 d4 7. Bf2 Bxc5 8. Nd2
Nge7 9. a3 Nd5 10. Ne4 Qb6 11. b4 Bxb4+ 12. axb4 Qxb4+ 13. Qd2 Qxd2+ 14. Kxd2
Nxf4 15. Nf3 Ng6 16. Nxd4 Ngxe5 17. Nxc6 Nxc6 18. Bc5 f6 19. Bb5 a6 20. Bxc6+
bxc6 21. Ke3 e5 22. Rhd1 Kf7 23. Rd6 Kg6 24. Rxc6 Bb7 25. Rb6 Bd5 26. Nd6 a5
27. c4 Be6 28. Ba3 Bd7 29. c5 Ra7 30. c6 Be6 31. Rc1 Rc7 32. Nb5 Rcc8 33. c7
Bd7 34. Nd6 Ra8 35. Rcb1 Ra7 36. Rb7 Raa8 37. Rb8 1-0

[Event "Kieler Open 2019-A"]
[Site "Kiel"]
[Date "2019.07.30"]
[Round "6.12"]
[White "Horn, Peter"]
[Black "Callsen, Niklas"]
[Result "1-0"]
[WhiteElo "2137"]
[BlackElo "2033"]
[Annotator "M.Z."]
[PlyCount "111"]
[EventDate "2019.??.??"]
[WhiteTeam "SC Concordia SAbt Palame"]
[BlackTeam "Flensburger SK von 1876"]

1. c4 Nf6 2. Nc3 g6 3. e4 d6 4. d4 Bg7 5. Bg5 O-O 6. Qd2 c5 7. d5 a6 8. Nf3 Qa5
9. a4 Nbd7 10. Bd3 Re8 11. O-O Ng4 12. Rfe1 Qb4 13. Bf1 Nge5 14. Nxe5 Nxe5 15.
Qe2 Bg4 16. f3 Bd7 17. Bd2 Rec8 18. Reb1 Qb6 19. a5 Qd8 20. Na4 Bxa4 21. Rxa4
b5 22. axb6 Qxb6 23. Ba5 Qa7 24. Bc3 Rab8 25. f4 Nd7 26. Bxg7 Rb4 27. Ra3 Kxg7
28. b3 Rcb8 29. Qb2+ f6 30. Qc3 R8b6 31. Bd3 a5 32. Rba1 Ra6 33. Bc2 Nb6 34. e5
a4 35. exf6+ exf6 36. Re1 Qf7 37. Re6 axb3 38. Rxa6 bxc2 39. Qxc2 Rxc4 40. Qa2
Rc1+ 41. Kf2 Nc8 42. Rc6 Qb7 43. Rxc8 Qxc8 44. Qb2 Rc4 45. Qxf6+ Kg8 46. Rxd6
Qf8 47. Qe6+ Kg7 48. Rd7+ Kh8 49. Qe5+ Kg8 50. g3 Rc2+ 51. Kf3 Ra2 52. Qe6+ Kh8
53. Rf7 Ra3+ 54. Kg4 h5+ 55. Kg5 Qd8+ 56. Kh6 1-0

[Event "Kieler Open 2019-A"]
[Site "Kiel"]
[Date "2019.07.30"]
[Round "6.13"]
[White "Dannehr, Jürgen"]
[Black "Rendboe, John Filip"]
[Result "1/2-1/2"]
[WhiteElo "1909"]
[BlackElo "2136"]
[Annotator "M.Z."]
[PlyCount "169"]
[EventDate "2019.??.??"]
[WhiteTeam "SV Gifhorn"]

1. d4 d5 2. c4 e6 3. Nc3 Nf6 4. Bg5 Be7 5. e3 O-O 6. Nf3 h6 7. Bh4 b6 8. Be2
Bb7 9. Bxf6 Bxf6 10. cxd5 exd5 11. b4 c6 12. O-O Qd6 13. Qb3 Nd7 14. Rad1 Rfd8
15. Rfe1 a5 16. b5 c5 17. Qa3 Qe6 18. Bf1 Be7 19. Qb3 Nf6 20. g3 c4 21. Qb2 Bb4
22. a3 Bd6 23. Bg2 Qe7 24. Ra1 Rac8 25. Rec1 Rc7 26. Na4 Nd7 27. Nc3 Rb8 28.
Ne1 Nf6 29. Nc2 h5 30. Re1 h4 31. Rad1 Qe6 32. e4 hxg3 33. hxg3 dxe4 34. d5 Qg4
35. Ne3 Qg6 36. Qc2 Re8 37. Rd4 Be5 38. Rxc4 Rxc4 39. Nxc4 Bxc3 40. Qxc3 Nxd5
41. Qd4 f5 42. Ne3 Nxe3 43. Qxe3 Rd8 44. Bf1 Qf6 45. Bc4+ Bd5 46. Qb3 Bxc4 47.
Qxc4+ Kf8 48. Rc1 Qd6 49. a4 e3 50. Qe2 exf2+ 51. Qxf2 Qd4 52. Qxd4 Rxd4 53.
Rc6 Rxa4 54. Rxb6 Rb4 55. Rb7 a4 56. b6 a3 57. Ra7 Rxb6 58. Rxa3 Kf7 59. Kf2
Kg6 60. Ra7 Rb3 61. Rc7 Kf6 62. Rd7 g6 63. Rd4 Kg5 64. Rc4 Kh5 65. Ra4 g5 66.
Rc4 Rb2+ 67. Kg1 Rd2 68. Ra4 Re2 69. Kf1 Re4 70. Ra2 Kg4 71. Kf2 Rb4 72. Kg2
Rd4 73. Rb2 Rd3 74. Rb4+ f4 75. gxf4 gxf4 76. Rb2 Rg3+ 77. Kf2 Rh3 78. Rb8 Rh2+
79. Kg1 Ra2 80. Rb3 Re2 81. Kf1 Ra2 82. Rc3 Rh2 83. Kg1 Ra2 84. Kf1 f3 85. Rc8
1/2-1/2

[Event "Kieler Open 2019-A"]
[Site "Kiel"]
[Date "2019.07.30"]
[Round "6.14"]
[White "Saglam, Bülent"]
[Black "Pick, Stefan"]
[Result "1/2-1/2"]
[WhiteElo "2125"]
[BlackElo "2019"]
[Annotator "M.Z."]
[PlyCount "128"]
[EventDate "2019.??.??"]
[WhiteTeam "SK Doppelbauer Kiel"]
[BlackTeam "SK Kerpen 64"]

1. e4 d5 2. exd5 Nf6 3. Nc3 Nxd5 4. Bc4 Be6 5. Qf3 c6 6. Nh3 Nc7 7. d3 Bxc4 8.
dxc4 Ne6 9. Ng5 Nxg5 10. Bxg5 Qa5 11. Bd2 Qe5+ 12. Be3 e6 13. O-O-O Be7 14. Bd4
Qg5+ 15. Kb1 O-O 16. g4 Na6 17. Ne4 Qa5 18. Bc3 Qc7 19. g5 Rfd8 20. Nf6+ Kh8
21. Nh5 Rxd1+ 22. Rxd1 Bf8 23. a3 Nc5 24. Qe3 Qxh2 25. Nxg7 Bxg7 26. Bxg7+ Kxg7
27. Qxc5 Qc7 28. Qd4+ Kg8 29. f4 b6 30. Qf6 Qc8 31. c5 bxc5 32. Qe7 Qa6 33.
Qxc5 Rb8 34. Ka2 Qb7 35. Qc3 c5 36. b3 Qe4 37. Qd2 c4 38. Re1 cxb3+ 39. cxb3
Qf3 40. Rb1 Rc8 41. Rb2 Qa8 42. Qd3 Rd8 43. Qe3 a5 44. a4 Rd5 45. Qb6 Qc8 46.
Rh2 Qc3 47. Qf2 Rd3 48. Qc2 Qd4 49. Rf2 Rd1 50. Qb2 Kg7 51. f5 Qxb2+ 52. Kxb2
Rd5 53. fxe6 fxe6 54. Rf6 Rxg5 55. Rxe6 h5 56. Re4 Kf6 57. Rc4 Re5 58. b4 axb4
59. Rxb4 Kg5 60. Rb5 Rxb5+ 61. axb5 h4 62. b6 h3 63. b7 h2 64. b8=Q h1=Q
1/2-1/2